01043cam a22002651 4500001001300000003000400013005001700017008004100034010001700075035001900092040004800111042001200159050002200171100004600193245009700239260004800336300006200384410005400446504003000500650003700530650003600567650005700603650005600660740006100716gs 65000161 DLC20260227111416.0780308s1964 dcua f000 0 eng c ags 65000161  a(OCoLC)3696831 aU. S. Geol. Survey. Libr.cUSlWdOCoLCdDLC apremarc00aQE75b.P9 no. 4611 aSimons, Frank S.q(Frank Stanton),d1917-10aGeology of the Klondyke quadrangle, Graham and Pinal Counties, Arizona,cby Frank S. Simons. aWashington,bU.S. Govt. Print. Off.,c1964. avi, 173 p.billus., maps (1 fold. col. in pocket)c29 cm.20aGeological Survey (U.S.)tProfessional paperv461 aBibliography: p. 168-170. 0aGeologyzArizonazGraham County. 0aGeologyzArizonazPinal County. 0aMines and mineral resourceszArizonazGraham County. 0aMines and mineral resourceszArizonazPinal County.0 aKlondyke quadrangle, Graham and Pinal Counties, Arizona.